[Event "8th Altibox Norway Chess 2020"]
[Site "Stavanger"]
[Date "2020.10.06"]
[Round "1"]
[White "Tari, Aryan"]
[Black "Caruana, Fabiano"]
[Result "0-1"]
[WhiteElo "2633"]
[BlackElo "2828"]
[Annotator "Cé.Ha."]
[PlyCount "110"]
[EventDate "2020.??.??"]

1. e4 c5 2. Nf3 e6 ({We spelen even de noten van de hoofdvariant voor:} 2... d6
3. d4 cxd4 4. Nxd4 Nf6 5. Nc3 a6 6. Be3 e5 7. Nb3 Be6 8. f3 Be7 9. Qd2 O-O 10.
O-O-O) 3. d4 cxd4 4. Nxd4 Nc6 (4... a6 5. Nc3 Qc7 6. Bd3 Nf6 7. O-O Nc6 8. Nxc6
dxc6 9. f4 e5 10. Kh1 Bd6 11. f5 b5 12. a4 Bb7 13. axb5 axb5 14. Rxa8+ Bxa8 15.
Bxb5 cxb5 16. Nxb5 Qc6 17. Qxd6 Qxb5 18. Rd1 Nd7 19. Bg5 f6 20. Qe6+ Kd8 21. c4
Qc6 22. Rd6 Qa4 23. Be3 Kc7 24. b3 Qa1+ 25. Bg1 Rd8 26. Ra6 Qd1 27. Ra7+ Bb7
28. c5 Ra8 29. Rxb7+ Kxb7 30. c6+ Kc7 31. cxd7 Qd6 32. Qf7 Rd8 33. Qxg7 Rxd7
34. Qg3 Qc6 35. Qe1 Kd8 36. h3 Ke8 37. Qh4 Rb7 38. Kh2 Kd8 39. b4 Rxb4 40. Qxh7
Rxe4 41. Qg8+ Kc7 42. Qf7+ Kc8 43. Qg8+ Kb7 44. Qb3+ Ka6 45. Qa3+ Ra4 46. Qd3+
Rc4 47. Qa3+ Kb5 48. Qb3+ Rb4 49. Qd3+ Ka4 50. Qd1+ Rb3 51. Qa1+ Kb5 52. Qa7
Rc3 53. Qb8+ Kc4 54. Qg8+ Qd5 55. Qc8+ Kd3 56. Qa6+ Kc2 57. Qxf6 e4 58. Qg6 Rc6
59. Qg4 Qe5+ 60. Kh1 Kd2 61. Qg5+ e3 62. Qd8+ Rd6 63. Qb8 e2 64. Qb4+ Kc2 65.
Qc4+ Kb1 66. Qb4+ Qb2 67. Qe4+ Qc2 68. Qb4+ Qb2 69. Qe4+ Kc1 70. Be3+ Rd2 71.
Qc4+ Kb1 72. Qe4+ Rc2 73. Bd2 Qb5 74. f6 Qd7 75. Qb4+ Rb2 76. Qe4+ Ka1 77. Bc3
Ka2 78. Qa4+ Kb1 79. Qe4+ Ka2 80. Qa4+ Kb1 81. Qe4+ Rc2 82. Qb4+ Kc1 83. Qa3+
Kd1 84. Qb3 e1=Q+ 85. Bxe1 Qc6 86. Qg3 Qxf6 87. Qd3+ Kc1 88. Kg1 Qe6 89. Qa3+
Kb1 90. Qb4+ Kc1 91. Qa3+ Kb1 92. Qb4+ Rb2 93. Qh4 Qd5 94. Bf2 Qd3 95. Qf4 Qd1+
96. Kh2 Qe2 97. Qf5+ Rc2 98. Qg4 Qxf2 99. Qb4+ Kc1 100. Qe4 {0-1 (100)
Vandevoort,P (2351)-Gharamian,T (2609) Belgium 2010}) 5. Nc3 Qc7 6. g3 (6. Be3
a6 7. Qd2 Nf6 8. O-O-O Bb4 9. f3 Ne5 10. Nb3 b5 11. Qe1 Be7 12. f4 Ng6 13. e5
Ng4 14. Ne4 O-O 15. Bc5 Bb7 16. h3 Nh6 17. Bxe7 Nxe7 18. Bd3 Nd5 19. Qd2 Nf5
20. Rhe1 f6 21. Nec5 fxe5 22. Nxb7 Qxb7 23. Rxe5 Nd6 24. f5 Nc4 25. Bxc4 bxc4
26. Nc5 Qc7 27. Qd4 Ne7 28. Nxd7 Rxf5 29. Rxe6 Ng6 30. Nb6 Raf8 31. Qxc4 Rc5
32. Qb3 Rb5 33. Nd5 Qb7 34. Qc4 Kh8 35. b3 Rc8 36. Rde1 Rf8 37. Rxg6 hxg6 38.
Qh4+ {1-0 (38) Vachier Lagrave,M (2632)-Vitiugov,N (2617) Plovdiv 2008}) 6...
a6 7. Bg2 Nf6 8. O-O Nxd4 (8... Be7 9. Re1 d6 10. Nxc6 bxc6 11. e5 dxe5 12.
Rxe5 O-O (12... Qxe5 $2 13. Bxc6+ Bd7 14. Bxa8) 13. Bf4 Qb7 14. Na4 Nd5 15. Bd2
Bf6 16. Re4 Rd8) 9. Qxd4 Bc5 10. Bf4 d6 11. Qd2 h6 12. Rad1 e5 13. Be3 Bxe3 (
13... Be6 14. Bxc5 dxc5 15. Nd5 Bxd5 16. exd5 Qd6 17. f4 O-O) 14. fxe3 Be6 15.
Qxd6 Rc8 {(En wit staat hier al een eind beter. Zal dat voldoende blijken om
de elokloof te overbruggen?)} 16. a4 h5 17. h3 Qxd6 18. Rxd6 Nd7 19. h4 (19.
Rfd1 Ke7 20. R6d3 Nf6 21. Nd5+ Bxd5 22. exd5 Rxc2 23. Rb3 {wit plus.}) 19...
Ke7 20. Rd2 (20. Rdd1 Nf6 (20... Rc4) 21. Nd5+ Bxd5 22. exd5 Rxc2 23. d6+ Ke6
24. Bxb7 a5 25. Ba6 Rc5 26. b3 Ng4 27. e4 (27. Rfe1 Rc3 28. Bc4+ Kd7 29. Bb5+
Ke6 30. d7) 27... Ne3 28. Rc1 Rxc1 29. Rxc1 Kxd6 30. Bb5 {en wit nog iets
beter.}) 20... Nb6 21. Nd5+ Bxd5 $1 22. exd5 Nc4 23. Re2 Nd6 (23... Nxb2 $4 24.
Rb1 Nxa4 25. Rxb7+ Kd6 26. Rxf7 Rhg8 27. Ref2 {en wit plus.}) 24. e4 a5 (24...
Rc4 25. Ra1 Rd4 26. Kf2 (26. c3 Rd3 27. Kh2 {wit beter.}) 26... Rc8 27. c3 Rd3
{wit beter.}) 25. Ra1 Rc4 26. c3 f6 27. Re3 Rhc8 28. Kf2 g5 29. Bf3 (29. hxg5
fxg5 30. Bf3 g4 31. Bg2 Kf6 32. Ke2 Kg5 33. Kd3 Rh8 34. b3 (34. Ree1 h4 35.
gxh4+ Rxh4 36. b3 Rc8 37. Rh1) 34... Rcc8 {en wit blijft plus.}) 29... g4 30.
Bg2 R4c5 31. Bf1 $2 {(Zie diagram)(geeft alle voordeel weg.)} (31. Re2 Rb8 (
31... f5 32. exf5 Kf6 33. Re3 Nc4 34. Ree1 (34. Re2 Nd6) 34... Nb6 $2 (34...
Nd6 35. Ke3 {wit iets beter.}) (34... Nxb2 35. Reb1 Nd3+ 36. Kg1 Rxc3 37. Rb6+
Kxf5 38. Rf1+ Nf4 39. gxf4 exf4 40. Rfb1 f3 (40... Rc1+ 41. Bf1 f3 42. d6 Ke6
43. d7+ Kxd7 44. Rxb7+ Ke6 45. Kf2 R8c2+ 46. Kg3 Rxb1 47. Rxb1 {gelijk.}) 41.
Bf1 Rc1 42. d6 Ke6 43. Kf2 Rxb1 44. Rxb1 Rc2+ 45. Kg3 Kxd6 46. Rxb7 Ke5 47.
Rb5+ Ke4 48. Rb8 {gelijk.} (48. Rxh5 Rc1 49. Kxg4 Rxf1 50. Kg3 {gelijk.})) 35.
Be4 {en wit plus.}) 32. Ke1 (32. Ra2 b5 33. axb5 Rcxb5) 32... b5 33. axb5 Rcxb5
34. Ra2 {wit houdt lichte voorsprong.}) (31. Ke1 f5 32. exf5 Kf6 33. Re2) 31...
f5 32. exf5 Rxd5 33. Rd3 (33. Rae1 Kf6 34. Bg2 (34. Rd3) 34... Rd2+ 35. R1e2
Rxe2+ 36. Rxe2 Kxf5 {en gelijk.}) 33... Rcc5 34. Rad1 Rxd3 35. Bxd3 e4 36. Be2
$2 (36. Bc2 Rxf5+ 37. Kg2 Re5 38. Rd4 Re6 {en gelijk.}) 36... Nxf5 37. Bb5 Nd6
$1 38. Be2 {het paard beheerst de stelling, en de zwarte monarch komt zich ook
bemoeien!} Ke6 $1 39. Rc1 Ke5 40. Rd1 Rc7 41. Kg2 b6 42. Ba6 (42. Re1 Rc5 (
42... Rd7 43. Bd3 Rf7) 43. Rd1 {zwart plus.}) 42... Rf7 43. Be2 Rf8 (43... e3
$1 44. Rf1 Nf5 45. Bb5 Rf8 {en zwart naar winst.}) 44. Rb1 Nf5 45. b4 Ne3+ 46.
Kg1 Nd5 47. Rb3 Rc8 48. bxa5 bxa5 49. c4 Nb4 50. Rb1 Kd4 51. Bf1 (51. Kf1 Nd3
52. Rb5 Rxc4 53. Bxd3 exd3 54. Ke1 Rc5 55. Rb7 {en best opgeven.}) 51... Nd3
52. Rb5 Rc5 53. Bxd3 exd3 54. Kf2 Kxc4 55. Rb1 Re5 0-1

[Event "8th Altibox Norway Chess 2020"]
[Site "Stavanger"]
[Date "2020.10.06"]
[Round "2"]
[White "Aronian, Levon"]
[Black "Tari, Aryan"]
[Result "1-0"]
[WhiteElo "2767"]
[BlackElo "2633"]
[Annotator "Cé.Ha."]
[PlyCount "95"]
[EventDate "2020.??.??"]

1. e4 e5 2. Nf3 Nc6 3. Bb5 a6 4. Ba4 Nf6 5. O-O Be7 6. Re1 b5 7. Bb3 O-O (7...
d6 8. c3 O-O) 8. c3 d5 9. exd5 Nxd5 10. Nxe5 Nxe5 11. Rxe5 c6 12. Re1 (12. d4
Bd6 13. Re1 Qh4 14. g3 Qh3 15. Be3 Bg4 16. Qd3 Rae8 17. Nd2 Re6 18. a4 Qh5 19.
axb5 axb5 20. Nf1 Bf5 21. Qd2 Bh3 22. Bd1 Qg6 23. Bf3 Qf5 24. Bh1 Rfe8 25. Re2
h5 26. Qc2 Qg4 27. Ree1 h4 28. Qd1 Qf5 29. Qf3 Qg6 {0-1 (29) Shirov,A (2730)
-Aronian,L (2773) Bilbao 2009}) 12... Bd6 13. g3 Bf5 (13... Qd7 14. d3 Qh3 15.
Re4 Qf5 16. Nd2 Qg6 17. Re1 f5) 14. d4 Qf6 (14... Qd7 15. Be3 Rae8 16. Nd2 Bg4
17. Qc2 Bf5) 15. Be3 Qg6 16. Nd2 Rae8 17. Qf3 Bg4 18. Qg2 Qh5 (18... Qf5 19. a4
b4 20. Qf1 (20. Bxd5 cxd5 21. c4) 20... a5 (20... bxc3 21. bxc3 Nxc3 22. Qc4
Qa5) 21. Qa6 bxc3 (21... Re6 {wit iets beter.}) 22. bxc3 Nxc3 23. Qxc6 Bb4 {
En wit een weinig plus.}) 19. h4 Be2 20. Nf1 Re6 (20... Bf3 21. Bd1 (21. Qh3
Bg4 22. Qh2) 21... Bxd1 22. Raxd1 Re6 (22... f5 23. Bd2 f4 24. Rxe8 Rxe8 25.
Re1 Rxe1 26. Bxe1) 23. Bd2 Rfe8 24. Rxe6 Rxe6 25. Ra1 {gelijk.}) 21. Bd2 Rfe8
22. a4 $1 Bf3 $5 23. Rxe6 $1 Rxe6 24. Qh3 Bg4 25. Qh2 h6 (25... Re8 26. axb5
axb5 27. Ra6 Rc8 {en wit buit enige zwakten uit.}) 26. axb5 axb5 27. Ne3 {
(Zie diagram)(Wit pakt het initiatief.)} Bf3 (27... Nxe3 $1 28. Bxe6 (28. fxe3
Re7) (28. Bxe3 Re8) 28... Bxe6 29. Bxe3 Qe2 30. b4 Qd3 31. Rc1 {en wit dekt
alles en staat plus.}) 28. Qh3 $1 Be4 29. Qg4 ({Sterker:} 29. Ra8+ Kh7 30. Bd1
Qg6 31. Bg4 Nxe3 32. Bxe6 Bd5 33. Bxd5 Qb1+ 34. Kh2 Nf1+ 35. Kg2 Nxd2 36. Qh1
Qxh1+ 37. Kxh1 {en wit duidelijk plus.}) 29... Qxg4 30. Nxg4 f5 31. Ne5 $1 Bxe5
32. dxe5 Kf8 (32... Bf3 33. Re1 Kh7 34. Re3 Bh5 35. f4 Re8 36. Rd3 Bf7 37. Rd4
{wit duidelijk plus.}) (32... Rxe5 $2 33. Re1 Kf7 34. f3 {en wit wint.}) 33. f4
Re7 34. Bxd5 cxd5 {(Wit heeft een plus pion, en zwart zit met zwakten. Welk
effect hebben de lopers van verschillende veldkleur)} 35. Be3 Rc7 36. Ra5 Bd3
37. Bd4 Rc6 38. Kf2 h5 39. Ke3 Bc4 40. Ra3 $1 Rg6 $2 (40... Bf1 41. Ra7 Kg8 (
41... Bc4 42. Ra8+ Ke7 43. Ra3 Bf1 44. Ra7+ Kf8 45. b3 {wit overwegend.})) 41.
b3 Bf1 42. Bc5+ Ke8 43. Bb4 Bg2 $2 (43... d4+ 44. Kf2 Bd3 45. cxd4 Be4 {
en wit moet winnen.}) (43... Rxg3+ $4 44. Kf2 Rg4 45. Kxf1) 44. Kd4 Rc6 45. Ra7
g6 46. Re7+ Kd8 47. e6 $1 Rc7 (47... Ra6 48. Ke5 {en verder verzet is
nutteloos.}) 48. Rf7 $1 1-0

[Event "8th Altibox Norway Chess 2020"]
[Site "Stavanger"]
[Date "2020.10.06"]
[Round "2"]
[White "Caruana, Fabiano"]
[Black "Duda, Jan-Krzysztof"]
[Result "1-0"]
[WhiteElo "2828"]
[BlackElo "2757"]
[Annotator "Cé.Ha."]
[PlyCount "187"]
[EventDate "2020.??.??"]

1. d4 d5 2. c4 c6 3. cxd5 cxd5 4. Bf4 Nc6 5. e3 Nf6 6. Bb5 Bd7 7. Nc3 a6 8. Bd3
Bg4 9. Nge2 e6 10. O-O {10.f3 gains popularity. Played by David Navara in July
2020. D10: Slav Defence: 3 cxd5 (without early Nf3) and 3 Nc3.} Bxe2 11. Qxe2
Be7 12. a3 $5 {White is slightly better. Exploring less charted territory.} O-O
13. Na4 {[#]} h6 $146 ({Predecessor:} 13... Qa5 14. Qc2 Rfc8 15. Nc5 Qd8 16.
Nxb7 Nxd4 17. exd4 Rxc2 18. Nxd8 Rxb2 19. Nc6 {1-0 (18) Rapport,R (2649)
-Bogosavljevic,B (2520) Bar 2015}) 14. Bg3 Nd7 15. h3 Qa5 16. Qd1 Rfc8 17. b4
Qd8 18. Rb1 Ra7 19. Nc5 Ncb8 20. Qe2 a5 21. Rfc1 axb4 22. axb4 Nf6 23. b5 $36 {
Black must now prevent b6. White has good play.} b6 (23... Nbd7 $14) 24. Na6
$16 {Hoping for Rxc8.} Rxc1+ 25. Rxc1 Nbd7 26. Rc6 Qf8 27. Qc2 {Rc8 is the
strong threat.} Ra8 28. Rc7 Bd6 (28... Bd8 $16) 29. Bxd6 $18 Qxd6 30. Qc6 Qf8
31. Rxd7 Nxd7 32. Qxd7 Rc8 33. g3 Rc3 34. Bf1 Qc8 35. Qxc8+ $1 Rxc8 36. h4 g5
37. Nb4 Kf8 38. Nc6 Ra8 39. Be2 Ra2 40. Kf1 Ra1+ 41. Kg2 Ra2 42. Bd3 Rd2 43.
Bf1 f6 44. hxg5 hxg5 45. g4 ({White should try} 45. Kg1 $1 $16) 45... Ke8 (
45... Rb2 $11) 46. Kg3 (46. Kg1 $1 $16) 46... Rd1 $1 $11 47. Be2 Rg1+ 48. Kh2
Re1 49. Bd3 Rd1 (49... Rc1 $11 {keeps the balance.}) 50. Nb4 $16 Kd7 51. Kg2
Ra1 52. f4 Ra3 (52... gxf4 $16 53. exf4 Ra4) 53. fxg5 $18 fxg5 54. Nc6 Kd6 55.
Ne5 Ke7 (55... Ra2+ $142 56. Kf3 Ra3) 56. Kf3 Ra2 57. e4 $1 Ra1 58. Ke3 Re1+
59. Be2 Rg1 60. Kf2 Ra1 61. Nf3 Kf6 62. Ke3 Ra8 63. Bd3 Rg8 64. Bb1 Ke7 65. Ne5
Ra8 (65... Kd6 $142 66. Nf3 Ke7) 66. Bd3 Rc8 67. Nc6+ Kd6 68. Ne5 $2 ({White
should play} 68. Kd2 $18) 68... Rf8 $2 (68... Ke7 $1 $11 {and Black has
nothing to worry.}) 69. exd5 exd5 70. Bf5 Re8 71. Kd3 {aiming for Nf7+.} Re7
72. Bg6 Ra7 73. Ke3 Ke6 74. Bf5+ Kd6 75. Kd2 Ra2+ 76. Kc3 Ra3+ 77. Kb4 Ra7 78.
Bc2 Ke6 79. Nc6 Ra2 (79... Ra8 $16 {keeps fighting.} 80. Bd3 Kd6) 80. Kb3 Ra1
$2 {[#] Now Black is done in.} (80... Ra8 $16 {might work better.} 81. Ne5 Ra7
82. Bf5+ Kd6) 81. Kc3 (81. Bf5+ $1 $18 {is the precise move to win.} Kd6 82.
Nd8) 81... Rc1 (81... Kd6 $16 {was worth a try.} 82. Bf5 Ra8) 82. Ne5 Rg1 $2 (
82... Ke7 83. Nf3 Kf6) 83. Bf5+ Ke7 {[#]} 84. Nd7 $1 Rc1+ 85. Kb3 Rc4 86. Nxb6
{Double Attack} Rxd4 87. Kc3 Rd1 88. Nc8+ Kd8 89. b6 d4+ 90. Kc2 (90. Kb2 $18
Rd2+ 91. Kb3) 90... Re1 91. Nd6 (91. Na7 $142 d3+ 92. Kb2 Re2+ 93. Kb3 Rc2 94.
Bxd3 Rh2 95. Nc6+ Kc8 96. Ba6+ Kd7 97. b7) 91... Re3 92. Nf7+ {Double Attack.
White mates.} Ke7 93. b7 d3+ 94. Kd1 {Accuracy: White = 76%, Black = 63%.} 1-0

[Event "8th Altibox Norway Chess 2020"]
[Site "Stavanger"]
[Date "2020.10.07"]
[Round "3"]
[White "Tari, Aryan"]
[Black "Carlsen, Magnus"]
[Result "0-1"]
[WhiteElo "2633"]
[BlackElo "2863"]
[Annotator "Cé.Ha."]
[PlyCount "90"]
[EventDate "2020.??.??"]

1. e4 c5 2. Nf3 Nc6 3. d4 cxd4 4. Nxd4 Nf6 5. Nc3 d6 (5... e5 6. Ndb5 d6 7. Bg5
a6 8. Na3 b5 9. Nd5 Be7 10. Bxf6 Bxf6 11. c3 O-O 12. Nc2 Bg5 13. a4 bxa4 14.
Rxa4 a5 15. Bc4 Rb8 16. b3 Kh8 17. Nce3 Bxe3 18. Nxe3 Ne7 19. O-O f5 20. exf5
Bxf5 21. Ra2 Be4 22. Rd2 Rb6 23. Re1 Qb8 24. Qa1 Qc7 25. Red1 h6 26. h3 Bb7 27.
Qa3 Rd8 28. Be6 Qxc3 29. Rxd6 Rbxd6 30. Rxd6 Qe1+ 31. Kh2 Re8 32. Rd7 Nc6 33.
Bf7 Ra8 34. Rxb7 Qxf2 35. Bd5 Rc8 {1-0 (35) Leko,P (2753)-Radjabov,T (2735)
Morelia/Linares 2008}) 6. Bg5 Bd7 (6... e6 7. Qd2 a6 8. O-O-O) 7. Qd2 a6 8.
O-O-O e6 9. f4 Be7 (9... b5 10. Bxf6 gxf6 11. Kb1 Qb6 12. Nf3 Qc5 13. f5 Ne5
14. Nxe5 Qxe5 15. Bd3 b4 16. Ne2 a5 17. Bc4 Rc8 18. b3 a4 19. Nd4 axb3 20. Bxb3
Be7 21. Rhe1 Rc3 22. Qh6 Bf8 23. Qh4 Be7 24. Qh6 Bf8 25. Qh4 Be7 26. Qg4 h5 27.
Qg7 Rf8 28. Qh7 Kd8 29. Qxh5 Qc5 30. Qh6 e5 31. Ne2 Re3 32. Nc1 Rxe1 33. Rxe1
Bb5 34. Qd2 Rh8 35. h3 Bf8 36. Nd3 Bxd3 37. Qxd3 Bh6 38. Bxf7 Ke7 39. Bb3 Rc8
40. Qe2 Qc3 41. Rd1 Qe3 42. Qh5 Rf8 43. Qg6 Qg5 44. h4 Qxg6 45. fxg6 Bg7 46. g4
Rh8 47. h5 Rc8 48. Rf1 Rc7 49. Kc1 Bh6+ 50. Kd1 Bg7 51. Ke2 Bh6 52. Rf5 Bg7 53.
g5 fxg5 54. Rf7+ Kd8 55. Rxg7 Rxg7 56. Bf7 Rxf7 57. h6 {1-0 (57) Edouard,R 
(2686)-Dubov,D (2600) Wijk aan Zee 2013}) 10. Nf3 b5 11. Bxf6 gxf6 12. Kb1 Qb6
13. f5 O-O-O 14. Bd3 (14. g3 Kb8 15. fxe6 fxe6 16. Bh3 Bc8 17. Qe1 Rhe8 18. Ne2
Ne5) 14... Kb8 15. Ne2 Bc8 (15... Ne5 16. Nf4 Ng4 17. Rde1 Bf8 18. Qc3 Bh6) 16.
Nf4 Ne5 17. Be2 (17. Qe2 Rhe8 18. Rhe1 Qc5) 17... d5 18. exd5 exf5 (18... Nc4
$2 19. Bxc4 bxc4 20. fxe6) (18... Nxf3 19. Bxf3 e5 20. Nd3 Bxf5 {wit iets
beter.}) 19. Nd4 Bc5 20. Rhf1 Rhe8 21. a3 Ka8 (21... Bxd4 22. Qxd4 Qxd4 23.
Rxd4 Bb7 {wit iets beter.}) (21... Rd6 22. g3 Bd7 23. b4 Bxd4 24. Qxd4 Qxd4 25.
Rxd4 Ng6) 22. h3 Bd7 23. Nh5 $2 {(Waarna zwart gelijk komt.)} (23. d6 Ka7 24.
Qc3 Bxd6 25. Nd5 Qc5 26. Qxc5+ Bxc5 {en wit plus.}) 23... Nc4 $1 24. Bxc4 $1
bxc4 25. Qc3 (25. Ka1 Rb8 26. c3 {en er is dynamisch evenwicht}) 25... Rb8 26.
Rf3 $2 {(Zie diagram)(Een zwakke zet, en daar weet Magnus raad mee. Wit komt
niet meer los.)} (26. Nxf5 Bxf5 27. Rxf5 Re3 28. Qxf6 Bxa3 29. Qxb6 Rxb6 30. b3
cxb3 31. c4 $1 {en zwart plus.}) 26... Re1 $1 27. Rxe1 Bxd4 28. Qb4 Qc7 29. d6
Qc6 30. Qa5 Bxb2 (30... Rxb2+ 31. Kc1 Qxd6 (31... Rb5 32. Qc7 (32. Qd8+ Rb8 (
32... Ka7 33. Qc7+ Qxc7 34. dxc7 Bb2+ 35. Kd2 Be5 {gelijk.}) 33. Qa5) 32... Qd5
$1 33. Qxd7 Bb2+ 34. Kb1 Bc3+ 35. Ka2 Rb2+ 36. Ka1 Rb7+ 37. Rxc3 Rxd7 {geen
commentaar.}) 32. c3 Bb6 $1 33. Qxa6+ Kb8 34. Kxb2 Qd2+ 35. Kb1 Qxe1+ 36. Kc2
Qe2+ 37. Kc1 Be3+ 38. Rxe3 (38. Kb1 Qd1+ 39. Ka2 Qc2+ {loopt mat.}) 38... Qxe3+
39. Kd1 Qg1+ 40. Kd2 Qxg2+ 41. Ke1 Qe4+ 42. Kf2 (42. Kf1 Qf3+) 42... Qh4+ 43.
Kg2 Qxh5 44. Qxc4 Qd1 {zal ook voldoende zijn}) 31. Ka2 Be5 $1 32. Rb1 Rxb1 33.
Kxb1 Qxd6 34. Kc1 Qd4 35. Qxa6+ (35. Ng3 Qa1+ 36. Kd2 c3+ 37. Rxc3 Bf4+ 38. Ke2
Bb5+ 39. Kf2 Qd1 40. Qb4 Bd6 41. Rd3 Qxc2+ 42. Rd2 Bc5+ 43. Kf3 Qc1 44. Rd8+
Ka7 45. Qd2 Bc6+ 46. Ke2 Qxa3 {en zwart duidelijk plus.}) 35... Kb8 36. c3 $2 (
36. g3 Qb2+ (36... Qg1+ 37. Kd2 c3+ 38. Ke2 Qb1 39. Rd3 Bb5 40. Qb6+ Ka8 41.
Qd8+ Ka7) 37. Kd1 c3 38. Rd3 Qb1+ 39. Ke2 Bb5 40. Qb6+ Ka8 41. Qd8+ Ka7 {
en zwart voor winst}) 36... Qg1+ 37. Kd2 Qxg2+ 38. Ke3 f4+ 39. Nxf4 Bxf4+ 40.
Rxf4 Qg3+ 41. Rf3 Qe1+ 42. Kd4 Qe5+ 43. Kxc4 Qe4+ 44. Kc5 Qxf3 45. Kd6 (45.
Qd6+ Kc8 46. Qa6+ Qb7) 45... Bc8 0-1

[Event "8th Altibox Norway Chess 2020"]
[Site "Stavanger"]
[Date "2020.10.08"]
[Round "4"]
[White "Carlsen, Magnus"]
[Black "Caruana, Fabiano"]
[Result "1-0"]
[WhiteElo "2863"]
[BlackElo "2828"]
[Annotator "Cé.Ha."]
[PlyCount "101"]
[EventDate "2020.??.??"]

1. d4 Nf6 2. c4 e6 3. Nc3 Bb4 4. Qc2 (4. e3 O-O 5. Bd3 d5 6. Nf3 c5 7. cxd5
Nxd5 8. O-O cxd4 9. exd4 Nc6 10. Bc2 Nf6 11. Re1 h6 12. Qd3 Bd6 13. Ne4 Nxe4
14. Qxe4 f5 15. Qe2 Nb4 16. Bb3 Nd5 17. Bd2 Bd7 18. Ne5 Rf6 19. Qf3 Bc6 20.
Nxc6 bxc6 21. Rac1 Rc8 22. Rc2 Qb6 23. Rxe6 $3 {1-0 (23) Ivanchuk,V (2747)
-Anand,V (2779) Doha 2016}) 4... O-O 5. a3 Bxc3+ 6. Qxc3 d5 (6... b6 7. Bg5 Bb7
8. f3 h6 9. Bh4 d5 10. e3 Nbd7 11. cxd5 Nxd5 12. Bxd8 Nxc3 13. Bh4 Nd5 14. Bf2
c5 15. e4 Ne7 16. Ne2 Rfc8 17. Nc3 cxd4 18. Bxd4 Nc6 19. Bf2 Na5 20. O-O-O Ne5
21. Kb1 Nec4 22. Ka2 Rc6 23. b4 Nxa3 24. bxa5 Rxc3 25. a6 Bc6 26. Bd4 Rd8 27.
Bxc3 Rxd1 28. Kxa3 Bb5 29. Bxb5 Rxh1 30. Be5 Rb1 31. Bd7 b5 32. Bc8 {1-0 (32)
Onischuk,A (2688)-So,W (2668) Lubbock 2010}) 7. Bg5 dxc4 8. Qxc4 b6 9. Rd1 (9.
Nf3 Ba6 10. Qa4 c5 11. dxc5 bxc5 12. Rd1 Qb6 13. Bxf6 gxf6 14. Rd2 Nc6 15. Qg4+
Kh8 16. Qh4 Kg7 17. Qg4+) 9... Ba6 10. Qa4 h6 11. Bh4 Qd7 (11... Qe7 12. Nf3
Rd8 13. e3 Bxf1 14. Rxf1 c5 15. dxc5 Rxd1+ 16. Qxd1) 12. Qc2 Qc6 13. Qxc6 Nxc6
14. Bxf6 gxf6 15. e3 (15. Nf3 Rfd8) 15... Bxf1 16. Kxf1 Na5 17. Nf3 Nc4 18. Rb1
c5 19. Ke2 $1 Rfc8 20. Rhc1 Nd6 21. dxc5 bxc5 (21... Rxc5 22. Rxc5 bxc5 23. Rd1
Ne4 24. Nd2 Nd6 25. Nf1 Ne8 {wit lichtjes beter.}) 22. Rc2 Kf8 23. Nd2 c4 24.
Rbc1 Rab8 25. Kf3 c3 (25... Rc5 26. b4 Rc6) 26. bxc3 Rc5 27. c4 f5 28. Ke2 Ke7
29. Kd3 Kd7 30. Rc3 (30. Rb1 Rbc8 31. Rb4 a5 32. Rb6) 30... Rc6 $2 {(Zie
diagram)(Zwart laat zich wegdringen.)} (30... Ke7 31. Rb3 Rd8 32. Ke2 a5 {
en niks aan de hand. Wit blijft slechts licht beter.}) 31. c5 $1 Ne8 32. Nf3
Ra6 33. Ne5+ Ke7 34. Ke2 (34. Kc2 Rc8 35. Rd1 Rc7 36. c6 Ra5 37. f4 f6 38. Rd7+
Rxd7 39. Nxd7 Rd5 40. g3 {en wit ook plus.}) 34... Nf6 35. R1c2 Nd5 36. Rd3 Rc8
37. Rb3 Rc7 38. Rc4 Ra5 39. Nd3 e5 $2 40. Nxe5 Raxc5 41. Rxc5 Rxc5 42. Rb7+ Ke6
43. Nxf7 Ra5 44. Nd8+ Kd6 45. Rb3 Ra6 46. Nf7+ Kc5 47. Ne5 h5 48. Kd2 h4 49.
Nd3+ Kc4 (49... Kc6 50. Ke2 Ra4 51. Ne5+ Kc5) (49... Kd6 50. f4 Nf6 51. Ne5
Ne4+ 52. Kc2 {wit blijft plus.}) 50. Kc2 Rd6 51. Nf4 1-0

[Event "8th Altibox Norway Chess 2020"]
[Site "Stavanger"]
[Date "2020.10.10"]
[Round "5"]
[White "Duda, Jan-Krzysztof"]
[Black "Carlsen, Magnus"]
[Result "1-0"]
[WhiteElo "2757"]
[BlackElo "2863"]
[Annotator "Cé.Ta."]
[PlyCount "125"]
[EventDate "2020.??.??"]

1. e4 c6 2. d4 d5 3. Nc3 dxe4 4. Nxe4 Nf6 5. Nxf6+ exf6 (5... gxf6 6. c3 Bf5 7.
Nf3 e6 8. g3 Bd6 9. Bg2 Nd7 10. O-O Rg8 11. Nh4 Bg4 12. Qc2 f5 13. Re1 Qf6 14.
c4 f4 15. d5 f3 16. dxe6 fxe6 17. Qd3 Bc5 18. Nxf3 Rf8 19. Bg5 Qxb2 20. Rad1
Bxf2+ 21. Kh1 Qg7 22. Bh6 Rxf3 23. Bxf3 Bxf3+ 24. Qxf3 Qxh6 25. Qxf2 e5 26. Qf5
Qg7 27. Qe6+ Qe7 28. Qg8+ Nf8 29. Rf1 e4 30. Rde1 Rd8 31. Rf4 Rd4 32. Ref1 {
1-0 (32) Melamed,T (2353)-Vogel,H (2131) Germany 2011. Heike zeer bekend van
onze internationale toernooien. Helaas was een bepaalde dramatisce
verliespartij er te veel aan en ze verdween voor goed.}) 6. c3 Bd6 7. Bd3 O-O (
{Duda is wel thuis in de Caro Kann. Na een eerste verlies sloeg hij terug in
een tweede partij.} 7... Be6 8. Ne2 Qc7 9. Qc2 Nd7 10. Be3 O-O-O 11. O-O-O Rhe8
12. g3 g6 13. Kb1 Bg4 14. Qa4 Bxe2 15. Bxe2 Kb8 16. Qb3 Nb6 17. Bf3 f5 18. Bg5
Be7 19. Bc1 Bf8 20. Rd3 Ka8 21. Rhd1 Rd7 22. c4 Qd8 23. Be3 Qe7 24. d5 cxd5 25.
c5 Nc4 26. Qxc4 dxc4 27. Rxd7 Qf6 28. Rxb7 Re4 29. Rdd7 Bg7 30. Bf4 Rxf4 31.
Rxa7+ {1-0 (31) Duda,J (2753)-Artemiev,V (2716) chess24.com INT 2020}) 8. Qc2
Re8+ 9. Ne2 h5 10. Be3 Nd7 11. O-O-O b5 $2 {(Zie diagram)(Een avontuurlijke
zet die een misrekening zal blijken. Vanaf nu blijft zwart achterna hinken.)} (
11... Nf8 12. Kb1 (12. c4 g6 13. Nc3 {en nu is} b5 {mogelijk.}) 12... Be6 13.
c4 Rc8 (13... Ng6) 14. a3 {met gelijke kansen.}) 12. d5 $1 c5 (12... cxd5 13.
Bh7+ Kf8 14. Rxd5 Nb6 15. Rxh5 Bg4 16. Rxb5 Rxe3 17. fxe3 g6 18. h4 Qe8 (18...
Kg7 $4 19. h5 $1) 19. Qd3 {en wit iets beter.}) 13. Bxb5 Rb8 14. c4 a6 15. Ba4
Re7 16. Ng3 {(En wit staat beter!)} Ne5 17. Ne4 ({Sterker was:} 17. Bd2 Ng4 18.
Bc3 {wit plus}) 17... Reb7 18. b3 Rb4 19. Bd2 (19. Nxd6 Qxd6 20. f4 (20. Rhe1
g6) 20... Ng4 21. Rde1 Nxe3 (21... g6 22. Qc3) 22. Rxe3 g6 {en wit plus}) 19...
Rxa4 $1 (19... R4b7 $2 20. f4 Ng6 21. Rde1 Re7 22. g3 Qc7 23. Bc3 Bh3 24. Bc6 (
24. Qd2 Rf8 25. Re3) 24... Bg4 {en wit heeft heel goede winstkansen}) 20. bxa4
Bf5 (20... Qb6 $1 21. Rde1 Nxc4 $1 {wordt gecounterd:} 22. Nxf6+ gxf6 23. Re8+
Bf8 24. Rxc8 Rxc8 25. Qxc4 {en wit iets beter.}) 21. Rde1 h4 (21... Ng4 22. Re2
Be5 23. h3 Rb2 24. Qd3 Bxe4 25. Qxe4 Rxa2 26. hxg4 Ra1+ 27. Kc2 Rxh1 {komt
gelijk.}) 22. h3 Ng6 23. Re3 $1 Nf4 24. g4 Bg6 (24... hxg3 25. fxg3 Nh5 26. Rg1
Bg6 27. g4 Nf4 {wit plus}) 25. Kd1 f5 $2 (25... Qd7 26. f3 f5 27. Nxd6 fxg4 28.
Ne4 gxf3 {wit blijft plus.}) 26. Nxd6 $18 Qxd6 27. gxf5 Bh5+ 28. f3 Qf6 (28...
Ng2 29. Rc3 {wit wint}) 29. Bc3 (29. Qe4 Qa1+ (29... Qd4 30. Qxd4 cxd4 31. Ra3
Rb1+ 32. Bc1 d3 33. Kd2) 30. Bc1 Rb1 31. Kd2 {wit wint.}) 29... Qg5 30. Qe4 $2
(30. Rhe1 Kh7 31. Bd2 Qg3 32. Rb3 Rxb3 33. Qxb3 {wit plus.}) 30... Qg2 31. Rhe1
Qxa2 $2 (31... f6 32. d6 Qxa2 33. d7 Ng2 34. R1e2 Qxa4+ 35. Kc1 Nxe3 36. Rd2
Rd8 37. Qxe3 Qa3+ 38. Kc2 Qa2+ 39. Kd1 Qa4+ {komt gelijk.}) 32. Qc2 $1 Qxc4 (
32... Qxc2+ 33. Kxc2 f6 34. Re4 {wit wint}) 33. Re8+ Kh7 (33... Rxe8 34. Rxe8+
Kh7 35. Rh8+ $3 Kxh8 36. Bxg7+ {uit.}) 34. Rxb8 Qxd5+ 35. Qd2 Bxf3+ (35... Qxf5
) 36. Kc1 Qxf5 {Carlsen vecht, maar het ziet er niet naar uit dat hij nog
remise zal halen laat staan winnen.} 37. Re3 Ne2+ 38. Kb2 (38. Rxe2 $3 Bxe2 39.
Qd8 Kg6 40. Qg8 Qg5+ 41. Kb2 Qe7 42. Qxg7+ Kf5 43. Rb6 Bf3 44. Rf6+ {uit.})
38... Nxc3 39. Qxc3 Qf4 40. Qd3+ f5 41. Rf8 Qb4+ 42. Kc1 Be4 43. Qb3 Qd4 44.
Qc3 Qd6 45. Rf7 Qg6 46. Rd7 Qg1+ 47. Kb2 (47. Qe1 Qg5 48. Rc7 {wit wint}) 47...
c4 48. Rxe4 $1 fxe4 49. Rd4 Qf2+ 50. Qd2 c3+ 51. Kxc3 Qg3+ 52. Kb2 Qxh3 53.
Rxe4 Qg3 54. Qd4 Qg2+ 55. Kc3 Qf3+ 56. Kb4 Qf8+ 57. Ka5 $1 Qf5+ 58. Kxa6 g5 59.
a5 h3 60. Re7+ Kg6 61. Qg7+ Kh5 62. Qh7+ Kg4 63. Re4+ 1-0